Aktuálny vývoj na poistnom trhu ako výzva na naplnenie potreby nových poznatkov pre poistnú prax

Nároky kladené na pracovníkov poisťovní sú mimoriadne náročné Dôvody možno hľadať v samotnej podstate poisťovacej činnosti ktorá zahŕňa veľké množstvo činností ako aj v neustálom vývoji spoločnosti a tým aj podmienok, v ktorých poisťovne pracujú. Pracovníci jednotlivých zložiek poisťovne musia pružn...

Ausführliche Beschreibung

Gespeichert in:
Bibliographische Detailangaben
1. Verfasser: Pastoráková, Erika, 1972-
Format: Buchkapitel
Sprache:Slowakisch
Schlagworte:
Tags: Tag hinzufügen
Keine Tags, Fügen Sie das erste Tag hinzu!

MARC

LEADER 00000nla$a2200000$$$4500
001 0084981
005 20240502083226.2
041 0 |a slo 
044 |a CZ 
245 1 0 |a Aktuálny vývoj na poistnom trhu ako výzva na naplnenie potreby nových poznatkov pre poistnú prax  |c Erika Pastoráková 
520 |a Nároky kladené na pracovníkov poisťovní sú mimoriadne náročné Dôvody možno hľadať v samotnej podstate poisťovacej činnosti ktorá zahŕňa veľké množstvo činností ako aj v neustálom vývoji spoločnosti a tým aj podmienok, v ktorých poisťovne pracujú. Pracovníci jednotlivých zložiek poisťovne musia pružne reagovať na všetky zmeny často v priebehu poskytovania poistných produktov. Aktuálny vývoj na poistnom trhu, analýza vybraných výziev, ktorých naplnenie novými poznatkami poistná prax očakáva. 
610 2 0 |a poistenie životné 
610 2 0 |a poistenie neživotné 
610 2 0 |a poisťovne 
610 2 0 |a riadenie rizík 
610 2 0 |a kontrola vnútorná 
100 1 |a Pastoráková, Erika, 1972-